Divináció és szociológia

Elmentve itt :
Bibliográfiai részletek
Szerző: Mund Katalin
Dokumentumtípus: Cikk
Megjelent: 2001
Sorozat:Iskolakultúra 11 No. 6-7
Online Access:http://misc.bibl.u-szeged.hu/40122
LEADER 00553nab a2200169 i 4500
001 misc40122
005 20191106140857.0
008 180709s2001 hu o 0|| zxx d
022 |a 1215-5233 
040 |a SZTE Miscellanea Repozitórium  |b hun 
041 |a zxx 
100 1 |a Mund Katalin 
245 1 0 |a Divináció és szociológia  |h [elektronikus dokumentum] /  |c  Mund Katalin 
260 |c 2001 
300 |a 88-100 
490 0 |a Iskolakultúra  |v 11 No. 6-7 
856 4 0 |u http://misc.bibl.u-szeged.hu/40122/1/EPA00011_iskolakultura_2001_0607_088-100.pdf  |z Dokumentum-elérés